| 000 | 00483nam a2200145Ia 4500 | ||
|---|---|---|---|
| 008 | 170221s9999 xx 000 0 und d | ||
| 100 | _aShehane, Ronald | ||
| 245 | _aB2G: Systems Approach for Government Marketing Plans | ||
| 245 | _cRonald Shehane, Troy University; Steven Sherman, Troy University. | ||
| 260 | _bJournal of Management and Marketing Research | ||
| 260 | _c2012 | ||
| 300 | _a32 : 6 | ||
| 650 | _xBusiness | ||
| 856 | _uhttp://www.aabri.com/manuscripts/131671.pdf | ||
| 999 |
_c311251 _d311251 |
||